Estrategias para mejorar la práctica docente
Guardat en:
| Autor principal: | |
|---|---|
| Format: | Llibre |
| Idioma: | espanyol |
| Publicat: |
Madrid
CCS
2004
|
| Col·lecció: | Campus, 37
|
| Matèries: | |
| Etiquetes: |
Afegir etiqueta
Sense etiquetes, Sigues el primer a etiquetar aquest registre!
|
MARC
| LEADER | 00000nam a2200000 a 4500 | ||
|---|---|---|---|
| 001 | UCI3031 | ||
| 003 | CL-VaPUC | ||
| 008 | 071012e20040000SP |||||||||||||||||spa|d | ||
| 020 | |a 8483168065 | ||
| 082 | 0 | 4 | |a 371.144 |b NIE |2 21 |
| 100 | |a Nieto Gil, Jesús María |e autor |9 524359 | ||
| 245 | 1 | 0 | |a Estrategias para mejorar la práctica docente |
| 300 | |a 331 p | ||
| 942 | |c BK | ||
| 945 | |d 20071012 00:00:00 |a rbrito | ||
| 260 | |a Madrid |b CCS |c 2004 | ||
| 650 | 0 | |a Práctica docente |9 307872 | |
| 650 | 0 | |a Métodos de enseñanza |9 270413 | |
| 650 | 0 | |a Innovaciones pedagógicas |9 307471 | |
| 650 | 7 | |a HABILIDADES PEDAGOGICAS |2 CL-VaPUC |9 370851 | |
| 583 | |a last modification |c 20160914 11:01:18 |k Rodrigo Vera | ||
| 490 | 0 | |a Campus, 37 | |
| 999 | |c 327427 |d 327425 | ||
| 952 | |0 0 |1 0 |4 0 |6 371_144000000000000_NIE_2004 |7 0 |8 A |9 410251 |a BIBEDU |b BIBEDU |d 2019-11-22 |i 4378687 |o 371.144 NIE 2004 |p 4378687 |r 2019-11-22 |w 2019-11-22 |y BK |k EPE | ||